00417nam a2200157Ia 4500008004100000041000800041082001500049100002000064245003700084260004500121300000900166500001200175500001200187650002500199700003500224230125s9999 xx 000 0 und d aeng a332.1bSUN aSundharam K P M aBanking theory, law and practice c1989bS. Chand & Company Ltd.aNew Delhi a395p aBanking aBanking aFinancial Management aSundharam K P M & Varshney P N